<?xml version="1.0" encoding="UTF-8"?>
<record
    xmlns:xsi="http://www.w3.org/2001/XMLSchema-instance"
    xsi:schemaLocation="http://www.loc.gov/MARC21/slim http://www.loc.gov/standards/marcxml/schema/MARC21slim.xsd"
    xmlns="http://www.loc.gov/MARC21/slim">

  <leader>00901nam a2200289 a 4500</leader>
  <controlfield tag="008">130801t2012    sp ||||| |||| 001 0 spa d</controlfield>
  <datafield tag="020" ind1=" " ind2=" ">
    <subfield code="a">9788415419600</subfield>
  </datafield>
  <datafield tag="041" ind1=" " ind2=" ">
    <subfield code="a">spa</subfield>
  </datafield>
  <datafield tag="092" ind1=" " ind2=" ">
    <subfield code="c">612.2 </subfield>
    <subfield code="l">95</subfield>
    <subfield code="s">WES</subfield>
  </datafield>
  <datafield tag="100" ind1="1" ind2=" ">
    <subfield code="a">West, John B.</subfield>
    <subfield code="9">410</subfield>
  </datafield>
  <datafield tag="245" ind1=" " ind2=" ">
    <subfield code="a">Fisiolog&#xED;a respiratoria. </subfield>
    <subfield code="b">Fundamentos /</subfield>
    <subfield code="c">John B. West</subfield>
  </datafield>
  <datafield tag="250" ind1=" " ind2=" ">
    <subfield code="a">9a ed.</subfield>
  </datafield>
  <datafield tag="260" ind1=" " ind2=" ">
    <subfield code="a">Barcelona:</subfield>
    <subfield code="b">Lippincott;</subfield>
    <subfield code="c">2012.</subfield>
  </datafield>
  <datafield tag="300" ind1=" " ind2=" ">
    <subfield code="a">200 p.</subfield>
  </datafield>
  <datafield tag="500" ind1=" " ind2=" ">
    <subfield code="a">West, J. B. (2012). Fisiolog&#xED;a respiratoria. Fundamentos. (9a ed.). Barcelona : Lippincott. </subfield>
  </datafield>
  <datafield tag="653" ind1=" " ind2=" ">
    <subfield code="a">Fisiologia</subfield>
  </datafield>
  <datafield tag="653" ind1=" " ind2=" ">
    <subfield code="a">Ventilacion</subfield>
  </datafield>
  <datafield tag="653" ind1=" " ind2=" ">
    <subfield code="a">Difusion</subfield>
  </datafield>
  <datafield tag="653" ind1=" " ind2=" ">
    <subfield code="a">Flujo sanguineo y metabolismo</subfield>
  </datafield>
  <datafield tag="653" ind1=" " ind2=" ">
    <subfield code="a">Ventilacion y perfusion</subfield>
  </datafield>
  <datafield tag="653" ind1=" " ind2=" ">
    <subfield code="a">Transporte de gases en sangre</subfield>
  </datafield>
  <datafield tag="653" ind1=" " ind2=" ">
    <subfield code="a">Mecanica de la respiracion</subfield>
  </datafield>
  <datafield tag="653" ind1=" " ind2=" ">
    <subfield code="a">Control de la ventilacion</subfield>
  </datafield>
  <datafield tag="653" ind1=" " ind2=" ">
    <subfield code="a">Aparato respiratorio y estres</subfield>
  </datafield>
  <datafield tag="653" ind1=" " ind2=" ">
    <subfield code="a">Pruebas funcionales</subfield>
  </datafield>
  <datafield tag="942" ind1=" " ind2=" ">
    <subfield code="2">ddc</subfield>
    <subfield code="c">BK</subfield>
  </datafield>
  <datafield tag="999" ind1=" " ind2=" ">
    <subfield code="c">1609</subfield>
    <subfield code="d">1609</subfield>
  </datafield>
  <datafield tag="952" ind1=" " ind2=" ">
    <subfield code="0">0</subfield>
    <subfield code="1">0</subfield>
    <subfield code="2">ddc</subfield>
    <subfield code="4">0</subfield>
    <subfield code="7">0</subfield>
    <subfield code="8">REF</subfield>
    <subfield code="a">BFM</subfield>
    <subfield code="b">BFM</subfield>
    <subfield code="c">REF</subfield>
    <subfield code="d">2013-08-01</subfield>
    <subfield code="e">Promed</subfield>
    <subfield code="g">267.75</subfield>
    <subfield code="l">3</subfield>
    <subfield code="o">612.2 95 WES</subfield>
    <subfield code="p">3115</subfield>
    <subfield code="r">2019-10-07</subfield>
    <subfield code="s">2019-10-04</subfield>
    <subfield code="t">Ej. 1</subfield>
    <subfield code="w">2013-08-01</subfield>
    <subfield code="y">REF</subfield>
    <subfield code="z">PROMED 2do a&#xF1;o LIBRO DE CONSULTA. Sede Tordos.</subfield>
    <subfield code="f"></subfield>
  </datafield>
  <datafield tag="952" ind1=" " ind2=" ">
    <subfield code="0">0</subfield>
    <subfield code="1">0</subfield>
    <subfield code="2">ddc</subfield>
    <subfield code="4">0</subfield>
    <subfield code="7">0</subfield>
    <subfield code="8">NFIC</subfield>
    <subfield code="a">BFM</subfield>
    <subfield code="b">BFM</subfield>
    <subfield code="c">CR</subfield>
    <subfield code="d">2013-08-01</subfield>
    <subfield code="e">Promed</subfield>
    <subfield code="g">267.75</subfield>
    <subfield code="l">43</subfield>
    <subfield code="m">2</subfield>
    <subfield code="o">612.2 95 WES</subfield>
    <subfield code="p">3116</subfield>
    <subfield code="r">2025-10-16</subfield>
    <subfield code="s">2025-10-09</subfield>
    <subfield code="t">Ej. 2</subfield>
    <subfield code="w">2013-08-01</subfield>
    <subfield code="y">BK</subfield>
    <subfield code="z">PROMED 2do a&#xF1;o. Sede Tordos.</subfield>
    <subfield code="f"></subfield>
  </datafield>
  <datafield tag="952" ind1=" " ind2=" ">
    <subfield code="0">0</subfield>
    <subfield code="1">0</subfield>
    <subfield code="2">ddc</subfield>
    <subfield code="4">0</subfield>
    <subfield code="7">0</subfield>
    <subfield code="8">NFIC</subfield>
    <subfield code="a">BFM</subfield>
    <subfield code="b">BFM</subfield>
    <subfield code="c">CR</subfield>
    <subfield code="d">2013-08-01</subfield>
    <subfield code="e">Promed</subfield>
    <subfield code="g">267.75</subfield>
    <subfield code="l">33</subfield>
    <subfield code="m">3</subfield>
    <subfield code="o">612.2 95 WES</subfield>
    <subfield code="p">3117</subfield>
    <subfield code="q">2026-06-12</subfield>
    <subfield code="r">2026-06-05</subfield>
    <subfield code="s">2026-06-05</subfield>
    <subfield code="t">Ej. 3</subfield>
    <subfield code="w">2013-08-01</subfield>
    <subfield code="y">BK</subfield>
    <subfield code="z">PROMED 2do a&#xF1;o. Sede Tordos.</subfield>
    <subfield code="f"></subfield>
  </datafield>
  <datafield tag="952" ind1=" " ind2=" ">
    <subfield code="0">0</subfield>
    <subfield code="1">0</subfield>
    <subfield code="2">ddc</subfield>
    <subfield code="4">0</subfield>
    <subfield code="7">0</subfield>
    <subfield code="8">NFIC</subfield>
    <subfield code="a">BFM</subfield>
    <subfield code="b">BFM</subfield>
    <subfield code="c">CR</subfield>
    <subfield code="d">2015-10-07</subfield>
    <subfield code="e">PROMED</subfield>
    <subfield code="g">558.00</subfield>
    <subfield code="l">28</subfield>
    <subfield code="m">2</subfield>
    <subfield code="o">612.2 95 WES</subfield>
    <subfield code="p">3593</subfield>
    <subfield code="r">2026-03-04</subfield>
    <subfield code="s">2025-12-02</subfield>
    <subfield code="t">Ej. 4</subfield>
    <subfield code="w">2015-10-07</subfield>
    <subfield code="y">BK</subfield>
    <subfield code="z">PROMED 3ER A&#xD1;O. Sede Tordos.</subfield>
    <subfield code="f"></subfield>
  </datafield>
  <datafield tag="952" ind1=" " ind2=" ">
    <subfield code="0">0</subfield>
    <subfield code="1">0</subfield>
    <subfield code="2">ddc</subfield>
    <subfield code="4">0</subfield>
    <subfield code="7">0</subfield>
    <subfield code="8">NFIC</subfield>
    <subfield code="a">BFM</subfield>
    <subfield code="b">BFM</subfield>
    <subfield code="c">CR</subfield>
    <subfield code="d">2015-10-07</subfield>
    <subfield code="e">PROMED</subfield>
    <subfield code="g">558.00</subfield>
    <subfield code="l">26</subfield>
    <subfield code="m">2</subfield>
    <subfield code="o">612.2 95 WES</subfield>
    <subfield code="p">3594</subfield>
    <subfield code="r">2024-04-19</subfield>
    <subfield code="s">2024-04-16</subfield>
    <subfield code="t">Ej. 5</subfield>
    <subfield code="w">2015-10-07</subfield>
    <subfield code="y">BK</subfield>
    <subfield code="z">PROMED 3ER A&#xD1;O. Sede Tordos.</subfield>
    <subfield code="f"></subfield>
  </datafield>
</record>
